Modelovanie nelineárnych procesov využitím fuzzy logiky a neurónových sietí

Gespeichert in:
Bibliographische Detailangaben
1. Verfasser: Juhas, Matúš, 1986- (Verfasst von)
Weitere Verfasser: Cigánek, Ján, 1981- (Betreuung Doktorarbeit)
Format: Manuskript Buch
Sprache:Slowakisch
Veröffentlicht: STU v Bratislave FIIT, 2009
Schlagworte:
Tags: Tag hinzufügen
Keine Tags, Fügen Sie das erste Tag hinzu!

MARC

LEADER 00000ntm a22000003a 4500
001 stu195857
005 20180219132727.6
008 091111s2009----xo------------------slo-d
040 |a STU  |b slo 
041 0 |a slo 
044 |a xo 
100 1 |a Juhas, Matúš,  |d 1986-  |4 aut  |u I300  |U FIIT Fakulta informatiky a informačných technológií  |T FIIT Ústav aplikovanej informatiky  |X 35885  |U I300  |Y 180  |7 A000035885 
245 1 |a Modelovanie nelineárnych procesov využitím fuzzy logiky a neurónových sietí 
260 |b STU v Bratislave FIIT,  |c 2009 
300 |a 39 s  |c príl. 
650 7 |a informatika  |2 stusub 
700 1 |a Cigánek, Ján,  |d 1981-  |4 ths  |u I300  |U FIIT Fakulta informatiky a informačných technológií  |T FIIT Ústav aplikovanej informatiky  |X 10327  |U I300  |Y 180  |7 10327 
996 |c I*BAP71/09  |l II680  |s P  |a 0  |w stu195857_0001